000 00934nam a2200253Ia 4500
003 OSt
005 20220918171434.0
006 a|||||r|||| 00| 0
007 ta
008 220917b |||||||| |||| 00| 0 eng d
020 _a9781783304172 (hbk)
_cUKP 65.00
024 _a355,092
037 _b30001/21-22, 29/12/2021, Shankar's Book Agency Pvt. Ltd.
_cTextual
040 _aARTS
_cARTS
_beng
041 _2eng
_aeng
082 _a2N7:(D65,8(2:55)), R0 (2D)
100 _aWhiteworth Andrew Au.
_936553
245 0 _aMapping information landscapes
_b new methods for exploring the development and teaching of information literacy
260 _aLondon
_bFacet Publishing UK
_c2020
300 _axix,201p.
_ccm.
650 _aLIBRARY SCIENCE
942 _h2N7:(D65,8(2:55)), R0 (2D)
_cTEXL
_2CC
999 _c139556
_d139556